Normal view
MARC view
Entry Personal Name
001 - CONTROL NUMBER
- control field: 14526
003 - CONTROL NUMBER IDENTIFIER
- control field: OSt
005 - DATE AND TIME OF LATEST TRANSACTION
- control field: 20260130160210.0
008 - FIXED-LENGTH DATA ELEMENTS
- fixed length control field: 260130|| aca||aabn | a|a d
040 ## - CATALOGING SOURCE
- Original cataloging agency: OSt
- Transcribing agency: OSt
100 ## - HEADING--PERSONAL NAME
- Personal name: Lacatus, Corina
670 ## - SOURCE DATA FOUND
- Source citation: Work cat.: (OSt)5511: Lacatus, Corina, author., Qualitative research in politics and international relations :
